zpět

Detail výsledku týmu

Jazz Tibet Club, Olomouc

Datum a čas kvízu

33 Celkem bodů Celkový počet nahraných bodů na tomto kvízu bez doplňovacích otázek.
5. Pořadí na kvízu Konečné umístění týmu na tomto kvízu.

Zaznamenané odpovědi

# Otázka Odpověď Body Výsledky
1. Česká pošta vydala u příležito... Jiří Suchý 1
2. Vláda jisté země dala ve čtvrt... Francisco Franco 1
3. Jednašedesátiletý Brit Bruce D... Iron Maiden 1
4. Před měsícem vzbudila rozruch... Google 0
5. Česká tenistka Karolína Muchov... Malý turnaj mistryň 1
6. Druhý díl naší cesty kolem svě... Myanmar (Barma) 0
7. Pokračujeme dále do jihovýchod... Malajsie 0
8. Další dvě otázky budou patřit... Medvídek Pú 1
9. Jakou barvou je přibližně vyz... žlutou barvou 0
10. Dnešní putování zakončíme v Mo... z kobylího mléka 1